| 000 | 02467cam a22004694a 4500 | ||
|---|---|---|---|
| 001 | 14900147 | ||
| 005 | 20160503123747.0 | ||
| 008 | 070620s2008 paua b 001 0 eng | ||
| 010 | _a 2007025959 | ||
| 016 | 7 |
_a101309945 _2DNLM |
|
| 020 | _a9780781765251 | ||
| 020 | _a0781765250 | ||
| 035 | _a(OCoLC)ocn145941121 | ||
| 035 |
_a(OCoLC)145941121 _z(OCoLC)154670361 |
||
| 040 |
_aDNLM/DLC _cDLC _dNLM _dBAKER _dBTCTA _dC#P _dYDXCP _dDLC |
||
| 042 | _apcc | ||
| 043 | _an-us--- | ||
| 050 | 0 | 0 |
_aRT82 _b.E45 2008 |
| 060 | 0 | 0 | _a2007 L-719 |
| 060 | 1 | 0 |
_aWY 16 _bE47n 2008 |
| 082 | 0 | 0 |
_a610.73 _222 _bELL NR |
| 100 | 1 |
_aEllis, Janice Rider. _923188 |
|
| 245 | 1 | 0 |
_aNursing in today's world : _bTrends, issues, & management / _cJanice Rider Ellis, Celia Love Hartley ; illustrations by Tomm Scalera. |
| 250 | _a9th ed. | ||
| 260 |
_aPhiladelphia : _bWolters Kluwer Health/Lippincott Williams & Wilkins, _cc2008. |
||
| 300 |
_axii, 644 p. : _bill. (chiefly col.) ; _c23 cm. |
||
| 504 | _aIncludes bibliographical references and index. | ||
| 505 | 0 | _aUnderstanding the health care environment and its financing -- The political process in society and in nursing organizations -- The nursing profession and the community -- Exploring the growth of nursing as a profession -- Educational preparation for nursing -- Nursing for the future -- Credentials for health care providers -- Legal responsibilities for practice -- Ethical concerns in nursing practice -- Bioethical issues in health care -- Understanding the world of health care employment -- Initiating the leadership and management role -- Working with others for patient care -- Leading change and managing conflict -- Making professional goals a reality -- Facing the challenges of today's workplace. | |
| 650 | 0 |
_aNursing. _923189 |
|
| 650 | 0 |
_aNursing _xPractice. _923190 |
|
| 650 | 1 | 2 |
_aNursing _xtrends. _923192 |
| 650 | 2 | 2 |
_aEthics, Nursing. _923193 |
| 650 | 2 | 2 |
_aLegislation, Nursing. _923194 |
| 650 | 2 | 2 |
_aNursing Care _xorganization & administration. _923195 |
| 650 | 2 | 2 |
_aNursing Care _xtrends. _923196 |
| 650 | 0 |
_923191 _aNursing _zUnited States |
|
| 700 | 1 |
_aHartley, Celia Love. _923197 |
|
| 856 | 4 | 2 |
_3Publisher description _uhttp://www.loc.gov/catdir/enhancements/fy0730/2007025959-d.html |
| 856 | 4 | 1 |
_3Table of contents only _uhttp://www.loc.gov/catdir/enhancements/fy0829/2007025959-t.html |
| 942 |
_2ddc _cBB |
||
| 999 |
_c10847 _d10847 |
||